00000000cam 2200000zi 4500
0019.958158
003CaOODSP
00520251211101040
006m     o  d f      
007cr |n|||||||||
008251210s1929    nscda   ob   f|0| 0 eng d
040 |aCaOODSP|beng|erda|cCaOODSP
043 |an-cn---
0861 |aFs52-5/26-1929E-PDF
1001 |aLangstroth, G. O., |eauthor.
24510|aOn the rate of freezing of fish muscle, II / |cG.O. Langstroth.
264 1|aHalifax : |bBiological Board of Canada, |c1929.
300 |a1 online resource (8, [1] pages) : |bcharts, illustration.
336 |atext|btxt|2rdacontent
337 |acomputer|bc|2rdamedia
338 |aonline resource|bcr|2rdacarrier
4901 |aManuscript reports of the experimental stations ; |vno. 26
500 |aDigitized edition from print [produced by Department of Fisheries and Oceans].
504 |aIncludes bibliographical references.
520 |a"The time of freezing of various thicknesses of Haddock ranging from 0.78 cm. to 2.31 cm, with bath temperatures of from -7.1 to -13.3°C. is determined. The values of the conductivity calculated from an equation developed in a previous paper are found to be constant within the limit of experimental error, thus indicating that the theoretical equation gives correct results under experimental conditions. The values of the constants in the freezing equation are also given for several other species of fish"--Abstract, page 1.
650 0|aRefrigeration and refrigerating machinery|xResearch.
650 0|aFrozen haddock.
650 6|aRéfrigération et appareils frigorifiques|xRecherche.
650 6|aÉglefin congelé.
7102 |aBiological Board of Canada, |eissuing body.
830#0|aManuscript reports of the experimental stations ;|vno. 26.|w(CaOODSP)9.948621
85640|qPDF|s811 KB|uhttps://publications.gc.ca/collections/collection_2025/mpo-dfo/fs52-5/Fs52-5-26-1929-eng.pdf